Normal view MARC view

Entry Personal Name

Number of records used in: 1

001 - CONTROL NUMBER

  • control field: 25616

003 - CONTROL NUMBER IDENTIFIER

  • control field: UA-OsUOA

005 - DATE AND TIME OF LATEST TRANSACTION

  • control field: 20260619135411.0

008 - FIXED-LENGTH DATA ELEMENTS

  • fixed length control field: 260619|| aca||aabn | a|a d

040 ## - CATALOGING SOURCE

  • Original cataloging agency: UA-OsUOA
  • Transcribing agency: UA-OsUOA

100 ## - HEADING--PERSONAL NAME

  • Personal name: Савчук Ю. К

670 ## - SOURCE DATA FOUND

  • Source citation: Work cat.: (UA-OsUOA)430357: НАН України; Інститут історії України; Відділ спеціальних історичних дисциплін 25614, Спеціальні історичні дисципліни: питання теорії і методики число 4, част. І, 2000